Real or Fake? - Statistics

General Stats
  • This quiz has been taken 894 times
    610 since last reset
  • The average score is 62 of 75
Answer Stats
Question Tile Select % Correct
Which of these are real sovereign (UN-recognized) countries existing today? Auesteria No
99%
Which of these are real sovereign (UN-recognized) countries existing today? Buddhesia No
99%
Which of these are real sovereign (UN-recognized) countries existing today? Etherialna No
99%
Which of these are real sovereign (UN-recognized) countries existing today? Olympus No
99%
Which of these are real sovereign (UN-recognized) countries existing today? Rohan No
99%
Which of these are real sovereign (UN-recognized) countries existing today? Kyoto No
98%
Which of these are real sovereign (UN-recognized) countries existing today? Sri Lanka Yes
97%
Which of these are real sovereign (UN-recognized) countries existing today? Vietnam Yes
97%
Which of these are real sovereign (UN-recognized) countries existing today? Moscow No
96%
Which of these are real sovereign (UN-recognized) countries existing today? Argantina No
95%
Which of these are real sovereign (UN-recognized) countries existing today? Buenos Aires No
95%
Which of these are capital cities (of countries) existing today? Hogwarts No
95%
Which of these are capital cities (of countries) existing today? Minas Tirith No
95%
Which of these are real flags (of countries) that exist today? Yes
93%
Which of these are real flags (of countries) that exist today? No
93%
Which of these are real flags (of countries) that exist today? No
93%
Which of these are capital cities (of countries) existing today? China No
93%
Which of these are real sovereign (UN-recognized) countries existing today? Maldivia No
93%
Which of these are real sovereign (UN-recognized) countries existing today? North Sudan No
93%
Which of these are real flags (of countries) that exist today? No
92%
Which of these are real sovereign (UN-recognized) countries existing today? Bosnia and Herzegovina Yes
92%
Which of these are capital cities (of countries) existing today? London Yes
92%
Which of these are capital cities (of countries) existing today? Monterrey No
92%
Which of these are capital cities (of countries) existing today? Port of France No
92%
Which of these are real sovereign (UN-recognized) countries existing today? Equatorial Guinea Yes
91%
Which of these are capital cities (of countries) existing today? Zimbabwe No
91%
Which of these are real flags (of countries) that exist today? No
90%
Which of these are real sovereign (UN-recognized) countries existing today? Granada No
90%
Which of these are capital cities (of countries) existing today? Ontario No
90%
Which of these are real flags (of countries) that exist today? No
89%
Which of these are real flags (of countries) that exist today? Yes
89%
Which of these are real flags (of countries) that exist today? Yes
88%
Which of these are real sovereign (UN-recognized) countries existing today? Antigua and Barbuda Yes
88%
Which of these are real sovereign (UN-recognized) countries existing today? Guinea-Bissau Yes
88%
Which of these are capital cities (of countries) existing today? Sophia No
88%
Which of these are capital cities (of countries) existing today? St. Petersburg No
88%
Which of these are real sovereign (UN-recognized) countries existing today? Grenada Yes
87%
Which of these are real sovereign (UN-recognized) countries existing today? Vanuatu Yes
87%
Which of these are capital cities (of countries) existing today? El Salvador No
86%
Which of these are real sovereign (UN-recognized) countries existing today? Kiribati Yes
86%
Which of these are real flags (of countries) that exist today? No
85%
Which of these are capital cities (of countries) existing today? Ottawa Yes
85%
Which of these are capital cities (of countries) existing today? Sydney No
85%
Which of these are real flags (of countries) that exist today? Yes
84%
Which of these are real sovereign (UN-recognized) countries existing today? Turks and Caicos No
84%
Which of these are real flags (of countries) that exist today? Yes
82%
Which of these are real sovereign (UN-recognized) countries existing today? Chille No
82%
Which of these are capital cities (of countries) existing today? Santiago Yes
82%
Which of these are capital cities (of countries) existing today? Sofia Yes
82%
Which of these are real flags (of countries) that exist today? Yes
81%
Which of these are capital cities (of countries) existing today? Zagreb Yes
81%
Which of these are real flags (of countries) that exist today? Yes
80%
Which of these are real flags (of countries) that exist today? Yes
80%
Which of these are capital cities (of countries) existing today? Auckland No
78%
Which of these are real flags (of countries) that exist today? Yes
77%
Which of these are capital cities (of countries) existing today? La Paz Yes
76%
Which of these are real flags (of countries) that exist today? No
74%
Which of these are real flags (of countries) that exist today? No
73%
Which of these are real flags (of countries) that exist today? Yes
71%
Which of these are capital cities (of countries) existing today? Ho Chi Minh City No
71%
Which of these are real flags (of countries) that exist today? No
70%
Which of these are real flags (of countries) that exist today? No
70%
Which of these are real sovereign (UN-recognized) countries existing today? Federated States of Macronesia No
68%
Which of these are real flags (of countries) that exist today? Yes
67%
Which of these are real flags (of countries) that exist today? No
67%
Which of these are real sovereign (UN-recognized) countries existing today? Saint Kitts and the Grenadines No
67%
Which of these are real flags (of countries) that exist today? No
66%
Which of these are real flags (of countries) that exist today? Yes
62%
Which of these are real flags (of countries) that exist today? Yes
60%
Which of these are capital cities (of countries) existing today? Harare Yes
60%
Which of these are capital cities (of countries) existing today? Port of Spain Yes
58%
Which of these are capital cities (of countries) existing today? Antananarivo Yes
56%
Which of these are capital cities (of countries) existing today? Lusaka Yes
55%
Which of these are capital cities (of countries) existing today? Naypyidaw Yes
52%
Which of these are capital cities (of countries) existing today? Port Louis Yes
46%
No matching quizzes found
Score Distribution
Percent of People with Each Score
Percentile by Number Answered
Your Score History
You have not taken this quiz since the last reset